Sloboda prejavu a petičné právo v podmienkach obecnej samosprávy
Otázka limitov petičného práva, priamo týkajúca sa predstaviteľov orgánov obcí a prípustnosti kritiky spôsobu výkonu im zverenej verejnej moci.
Gespeichert in:
| 1. Verfasser: | |
|---|---|
| Format: | Buchkapitel |
| Sprache: | Slowakisch |
| Schlagworte: | |
| Tags: |
Keine Tags, Fügen Sie das erste Tag hinzu!
|
MARC
| LEADER | 00000naa a2200000 4500 | ||
|---|---|---|---|
| 001 | 0270651 | ||
| 005 | 20201214104509.3 | ||
| 041 | 0 | |a slo | |
| 044 | |a SK | ||
| 245 | 1 | 0 | |a Sloboda prejavu a petičné právo v podmienkach obecnej samosprávy |c Marta Breichová Lapčáková |
| 520 | |a Otázka limitov petičného práva, priamo týkajúca sa predstaviteľov orgánov obcí a prípustnosti kritiky spôsobu výkonu im zverenej verejnej moci. | ||
| 610 | 2 | 0 | |a obce |
| 610 | 2 | 0 | |a ochrana ľudských práv |
| 610 | 2 | 0 | |a sloboda |
| 610 | 2 | 0 | |a právo petičné |
| 610 | 2 | 0 | |a samospráva |
| 100 | 1 | |a Breichová Lapčáková, Marta | |